Movies Quiz

Random Movies or Director Quiz

Directors' 8-into-1 Supermovies 2 Quiz Stats

 Plays Quiz not verified by Sporcle

Score 0/10 Timer 04:00
0 Plays Today
The Supermovie The Director % Correct
Proof Inglourious Bill Unchained My Eight Brown DogsQuentin Tarantino
97.7%
The Curious Social Club Room with Zodiac GirlDavid Fincher
95.9%
Two Bad Braindead Creatures Meet Unexpected Lovely KingPeter Jackson
84.2%
Enemy Spy on Unstoppable Last True Domino FanTony Scott
80.7%
Misery Goes When Alex Is Being The BrideRob Reiner
69.6%
One of Twelve Lies Underneath Mike Gray's GirlfriendSteven Soderbergh
65.5%
Getting Another Flash of Something Swimming to PhiladelphiaJonathan Demme
64.9%
The Heiress Mrs. Jezebel Jones Foxes Friendly DetectiveWilliam Wyler
57.3%
Promised Hunting For Elephant Finding My Restless SeaGus Van Sant
45.6%
Wife of Courageous Pilot Reckless Joe Gone FlatVictor Fleming
29.8%

You're not logged in!

Compare scores with friends on all Sporcle quizzes.
OR
Log In

Sporcle TV

Today on Sporcle TV


Watch our educational content, quiz creation guides, and fun videos on Sporcle TV.

Show Comments

Extras

Top Quizzes Today


Score Distribution

Your Account Isn't Verified!

In order to create a playlist on Sporcle, you need to verify the email address you used during registration. Go to your Sporcle Settings to finish the process.

Report this User

Report this user for behavior that violates our Community Guidelines.

Details: